00577 a2200205 45000010006000000050017000060200018000230840006000411000024000472450034000712500022001052640044001273000026001714900051001976530030002486530033002786530033003119420010003449990017003545706420250813155309.0 a9786289568943 aP1 aTessaro, Gek95936910aAntes estaban los dinosaurios aEdicin̤ especial 1aMedelln̕. ColombiabAs Edicionesc2023 aIlustraciones a color0 aPlan Nacional de Lectura, Escritura y Oralidad 4aPoesa̕ infantil italiana 4aLiteratura infantil italiana 4aDinosaurios en la literatura cBKINF c57064d57064